005380000a22001810004500060000800000082001200008100001900020245001800039250000600057260004700063260000900110300000800119490005600127650003700183942000700220999001900227952011000246 a100 a581 BOL aBold, Horald C aPlant kingdom a3 aNew Delhi, Prentice -Hall of India Pvt Ltd c1972 a190 aPrentice- Hall Foundations of modern Biology series aBotany/ Plants/ Plants- Taxonomy cBK c349691d349691 00104070aKAUCOAVbKAUCOAVd2014-05-02l0o581 BOLpKAU_COAV-13318r2014-05-02 00:00:00w2014-05-02yBK